000
00277nam a2200145Ia 4500
100
_a
Venkateshan/S.P
250
_a
2
942
_c
BK
366
_f
10
245
_a
Mechanical Measurement
260
_b
Ane Books
_c
2016
300
_a
522
546
_a
ENGLISH
999
_c
21339
_d
21339